| 000 | 00799nam a22002297a 4500 | ||
|---|---|---|---|
| 999 |
_c4487 _d4487 |
||
| 003 | AR-CdUCM | ||
| 008 | 190308b ||||| |||| 00| 0 spa d | ||
| 040 |
_aMUNICIPALIDAD PROVINCIAL DEL CUSCO _cBIBLIOTECA MUNICIPAL DEL CUSCO |
||
| 082 |
_a869.56 / _bST84 |
||
| 100 |
_aStubbs, Ricardo Walter _914088 |
||
| 245 | _aSinfonía de la basílica, la epopeya de Santa Rosa de Lima / | ||
| 260 |
_aLima : _bTalls. de la Ed. Médica Peruana _c1958. |
||
| 300 |
_a310 páginas ; _bláminas, retratos, _c26 cm. |
||
| 500 | _aDonación de la Familia Nieto. Incluye índice | ||
| 650 |
_aPoesía _9139 |
||
| 650 |
_aPoesía peruna _913570 |
||
| 650 |
_aSanta Rosa de Lima _92174 |
||
| 650 |
_aSontos _914089 |
||
| 700 |
_aRuiz Alarco, Francisco E. (Prologo) _914090 |
||
| 942 |
_2ddc _cLIBROS |
||
| 945 | _araen | ||